MLB Starting Lineups AL Central - Statistics

General Stats
  • This quiz has been taken 11 times
  • The average score is 10 of 60
Answer Stats
Hint Answer % Correct
Detroit Tigers
73%
Cleveland Guardians
64%
Minnesota Twins
55%
SS Javier Baez
45%
Kansas City Royals
45%
Chicago Whitesox
45%
CF Byron Buxton
36%
3B Jose Ramirez
36%
SS Bobby Witt Jr.
27%
SS Carlos Correa
27%
C Salvador Perez
27%
SP Tarik Skubal
27%
DH Kerry Carpenter
18%
CF Riley Greene
18%
1B Spencer Torkelson
18%
2B Adam Frazier
9%
1B Alex Kirilloff
9%
2B Andres Gimenez
9%
LF Andrew Benintendi
9%
1B Andrew Vaughn
9%
Catcher Bo Naylor
9%
3B Branden Shewmake
9%
SP Cole Ragans
9%
3B Colt Keith
9%
DH David Fry
9%
2B Edouard Julien
9%
DH Eloy Jimenez
9%
CL Emmanuel Clase
9%
SS Gabriel Arias
9%
RF Gavin Sheets
9%
RF Hunter Renfroe
9%
Catcher Jake Rogers
9%
CL James McCarthur
9%
CL Jason Foley
9%
CL Jhoan Duran
9%
1B Josh Naylor
9%
3B Kyle Farmer
9%
CF Kyle Isbel
9%
CF Luis Robert Jr.
9%
3B Makiel Garcia
9%
LF Mark Canha
9%
Catcher Martin Maldonado
9%
DH Matt Wallner
9%
SP Michael Kopech
9%
LF M.J Melendez
9%
DH Nelson Velasquez
9%
2B Nicky Lopez
9%
SP Pablo Lopez
9%
RF Parker Meadows
9%
SS Paul DeJong
9%
LF Ramon Laureano
9%
Catcher Ryan Jeffers
9%
CF Steven Kwan
9%
CL Tim Hill
9%
LF Trevor Larnach
9%
SP Triston McKenzie
9%
1B Vinnie Pasquantino
9%
RF Will Brennan
9%
RF Willi Castro
9%
2B Zack Mckinstry
9%
No matching quizzes found
Score Distribution
Percent of People with Each Score
Percentile by Number Answered
Your Score History
You have not taken this quiz